000 00597nam a22001457a 4500
020 _a0-439-01260-0
082 _a823
_bAPP/A
100 _aAPPLEGATE, K A
245 _aANIMORPHS
_bTHE PRETENDER
260 _aNEW YORK
_bSCHOLASTIC INC
_c2000
300 _a153
520 _aTo Tobias, no one is who they seem. He has just heard a reading of his father's last will and testament. That's how he found out who his father really was: the Andalite Prince Elfangor Tobias is stunned, but can't show it. Because Visser Three is watching his every move.
650 _aADVENTURE
_zUNITED STATES
942 _cBK
999 _c5963
_d5963